Представление документа в формате RUSMARC

ПолеНазваниеЗначение
  Тип записи a
  Библиографический уровень m
001 Контрольный номер RU/IS/BASE/287669559
005 Дата корректировки 20201206204625.2
010 Индекс ISBN __
a ISBN 978-5-699-21289-7
d Цена 190-00
100 Данные общей обработки __
a Данные общей обработки 19050810d2005 |||y0rusy0189 ca
101 Язык документа __
a Язык текста rus
c Язык оригинала rus
102 Страна публикации __
a Страна публикации RU
105 Кодированные данные (монография) __
a Кодированные данные (монография) a j 001zy
200 Заглавие и сведения об ответственности 1_
a Заглавие Теория эволюции: история возникновения, основные положения, доводы сторонников и противников
f Первые сведения об ответственности Синтия Миллс
b Общее обозначение материала Текст
210 Выходные данные __
a Место издания М.
c Издательство Эксмо
d Дата издания 2008
215 Физическое описание __
a Объем 208 с.
c Иллюстрации/тип воспроизводства ил.
330 Аннотация __
a Аннотация Развитие теории эволюции, доказательства и методы изучения, проблемы микро и макроэволюции.
606 Тематические рубрики __
a Основная рубрика Биология
a Основная рубрика Эволюционная биология
610 Ключевые слова __
a Ключевые слова теория эволюции; микроэволюция; макроэволюция; генофонд; экологические ниши; популяции; искусственный отбор; естественный отбор; видообразование; филогенез; онтогенез; эволюция; экосистемы; эволюционные процессы
686 Индексы других классификаций __
a Классификационный индекс 28.02я73
700 Автор _1
a Фамилия Миллс
b Имя С.
4 Код отношения 070
801 Источник записи _0
a Страна RU
b Организация Муниципальное бюджетное учреждение культуры "Централизованная библиотечная система" г. Сургут (Центральная городская библиотека им. А. С. Пушкина)
c Дата составления 20050810
g Правила каталогизации КиК/Елгина
801 Источник записи _1
a Страна RU
b Организация Муниципальное бюджетное учреждение культуры "Централизованная библиотечная система" г. Сургут (Центральная городская библиотека им. А. С. Пушкина)
c Дата составления 20050810
g Правила каталогизации КиК/Елгина
852 Данные о местонахождении __
j Шифр хранения 28.02я73
c Каталожный индекс 28.02я73
i Авторский знак М 60
901 Тип документа __
t Тип документа m
903 Характеристики (МАРС) __
a Дата передачи 20090213
969 Тип издания __
a Тип издания учебник
990 Данные о заказе (DOS) __
j Количество экземпляров (DOS) 4
t N записи в КСУ для И/У (DOS) 200902